000 00405nam a2200169Ia 4500
003 GCL
008 140319s9999 xx 000 0 eng d
040 _aGCL /
_cGCL
082 0 4 _a709.0214
_bV A
100 1 _aVELMANS, TANIA
245 1 0 _aL'ART BYZANTIN /
_cVELMANS, TANIA
260 _a[S.N] :
_bFLAMMARION ،
_c1992
300 _a63
650 0 4 _aART, BYZANTINE
650 0 4 _aARTS
942 _2ddc
_cBK
999 _c25257
_d25257